| 000 | 01405nam a2200229Ia 4500 | ||
|---|---|---|---|
| 999 |
_c54575 _d54575 |
||
| 001 | 21641 | ||
| 003 | GE_BSU | ||
| 005 | 20211208160108.0 | ||
| 008 | 181216s ||||ge |||||||||||||| ||geo|| | ||
| 040 | _cGE_BSU | ||
| 041 | _ageo | ||
| 080 | _a811.353.1 გ-23 | ||
| 100 |
_aგაჩეჩილაძე, ოთარ _913221 |
||
| 245 |
_aქართული ენა : _bდამხმ. სახელმძღვ. მოსამზადებელი განყ-ბის მსმენელებისა და აბიტურიენტებისათვის / |
||
| 264 |
_aთბილისი : _bთბილ. უნ-ტის გამ-ბა, _c1985. |
||
| 300 |
_a395 გვ. ; _c20 სმ. |
||
| 541 | _h1ლ.30თ. | ||
| 653 | _aდამხმარე სახელმძღვანელო მოსამზადებელი განყოფილების მსმენელებისა და აბიტურიენტებისათვის | ||
| 653 | _aქართული ენა | ||
| 710 |
_aთბილისის სახელმწიფო უნივერსიტეტი _bქართული ენისა და ლიტერატურის სწავლების მეთოდიკების გაერთიანებული კათედრა _913222 |
||
| 942 |
_cBK _2udc |
||